| Registos Bibliográficos associados ao registo de autoridade |
|
Etiqueta de registo: 00000nkm 2200025 450 001 2259357 003 http://id.bnportugal.gov.pt/bib/catbnp/2259357 100 ## $a20260203d1981 m y0pory01030103ba 101 0# $apor 102 ## $aPT 200 1# $aCinema à margem, 7.º encontro de cinema de formato reduzido, Cinema Quarteto, 6
a 10 de julho 1981 $bVisual gráfico]$fCinemateca Portuguesa, Direção - Geral de Ação Cultural, Núcleo dos Cineastas Independentes
(F. P. C. A.)$gdesign amilcar branco 210 #9 $aLisboa$cCinemateca Portuguesa, Direção - Geral de Ação Cultural, Núcleo dos Cineastas Independentes
(F. P. C. A.),$d1981$eLisboa :$gCasa da Cultura) 215 ## $a1 cartaz$ccolor.$d49,8x34,9 cm 317 ## $aColeção Madeira Luís 675 ## $a766(=1:469)"198"(084.5)$vBN$zpor$31656743 702 #1 $aBranco,$bAmílcar$4410$316582 710 02 $aCinemateca Portuguesa$313716 711 02 $aNúcleo dos Cineastas Independentes (F. P. C. A.)$31983013 711 02 $aDireção - Geral de Ação Cultural$31982999 801 #0 $aPT$bBN$gRPC 966 ## $lBN$mICONOG$sCT. 13093 V.$x3 971 ## $cCaticonografia10$d20260203 995 ## $aPRR2026 $d20260203$iCaticonografia10
Etiqueta de registo: 00000nkm 2200025 450 001 2280567 003 http://id.bnportugal.gov.pt/bib/catbnp/2280567 100 ## $a20260316f1980 m y0pory01030103ba 101 0# $apor 102 ## $aPT 200 1# $aEncontro com o cinema português, Auditório Nacional Carlos Alberto, 7 de maio, A menina
da rádio de Artur Duarte$bVisual gráfico]$fAuditório Nacional Carlos Alberto 210 #9 $a[Porto]$cAuditório Nacional Carlos Alberto,$d[posterior a 1980] 215 ## $a1 cartaz$ccolor.$d47x30 cm 306 ## $aDatação atribuída em conformidade com as designações institucionais 317 ## $aColeção Madeira Luís 330 ## $aInformação adicionada com fitacola 710 01 $aPortugal.$bAuditório Nacional Carlos Alberto$360670 712 02 $aCinemateca Portuguesa$313716 801 #0 $aPT$bBN$gRPC 966 ## $lBN$mICONOG$sCT. 16734 V.$x3 971 ## $cCaticonografia6$d20260316 995 ## $aPRR2026
|
|
|